Dinamita Cerebral: Antología de los Cuentos Anarquistas Más Famosos /

Contiene relatos de: Zolá, Vernet, Strindberg, Pi y Margall, Pi y Arsuaga, Mirbeau, Mella, Azorín, Melato, Maetzu, A. Lorenzo, Lazare, Gorki, France, Nieuwenhuis y Burell.

保存先:
書誌詳細
第一著者: Mir y Mir, Juan (selec.)
フォーマット: 図書
言語:スペイン語
出版事項: Barcelona, España : Icaria, 1981
版:3a edición
主題:
タグ: タグ追加
タグなし, このレコードへの初めてのタグを付けませんか!

MARC

LEADER 00000nam^a2200000^a^4500
001 000021213
005 20250521000000.0
009 20260310084406.069
020 |a 84-7426-014-0 
037 |a Acervo ITESO - Biblioteca 
041 |a ESP 
082 |a 808. 831  |b MIR 
100 |a Mir y Mir, Juan  |e (selec.) 
245 1 0 |a Dinamita Cerebral: Antología de los Cuentos Anarquistas Más Famosos /  |c J. Mir y Mir (Selec.); pról. de: Juan Mir y Mir. 
250 |a 3a edición  |b revisada 
264 1 |a Barcelona, España :  |b Icaria,  |c 1981 
300 |a 133 p. 
336 |a texto  |b txt  |2 rdacontenido 
337 |a sin mediación  |b n  |2 rdamedio 
338 |a volumen  |b nc  |2 rdasoporte 
520 |a Contiene relatos de: Zolá, Vernet, Strindberg, Pi y Margall, Pi y Arsuaga, Mirbeau, Mella, Azorín, Melato, Maetzu, A. Lorenzo, Lazare, Gorki, France, Nieuwenhuis y Burell. 
649 |a XX 
650 |a Literatura 
650 |a Anarquismo 
910 |a Fondo General 
920 |a Impresos - Libros 
930 |a Colección General 
940 |a Literatura 
905 |a 101 
901 |a 0212130100  |b IT1  |c LIT  |i 021213  |u 20250521 
902 |a https://opac.biblio.iteso.mx/vufind/Record/000021213